| 000 | 00000nam 2200000zi 4500 |
| 001 | 9.884943 |
| 003 | CaOODSP |
| 005 | 20250303094913 |
| 006 | m o d f |
| 007 | cr ||||||||||| |
| 008 | 200221t20202020quc ob f000 0 fre d |
| 040 | |aCaOODSP|bfre|erda|cCaOODSP |
| 043 | |an-cn--- |
| 086 | 1 |aP29-003-517-2020F-PDF |
| 245 | 00|aCarburant diesel. |
| 250 | |a[Édition de février 2020]. |
| 264 | 1|aGatineau (Québec) Canada : |bOffice des normes générales du Canada : |bConseil canadien des normes, |c2020. |
| 264 | 4|c©2020 |
| 300 | |a1 ressource en ligne (i, 20 pages). |
| 336 | |atexte|btxt|2rdacontent/fre |
| 337 | |ainformatique|bc|2rdamedia/fre |
| 338 | |aressource en ligne|bcr|2rdacarrier/fre |
| 490 | 1 |aNorme nationale du Canada ; |vCAN/CGSB-3.517-2020 |
| 500 | |a« Publiée, février 2020. » |
| 500 | |a« Expérience et excellence » -- Couverture. |
| 500 | |aRemplace CAN/CGSB-3.517-2017. |
| 500 | |aPublié aussi en anglais sous le titre: Diesel fuel. |
| 504 | |aComprend des références bibliographiques. |
| 520 | |a« La présente norme s’applique à deux types de carburant diesel, le type A et le type B, destinés aux moteurs diesels à régime élevé dans des applications sur route et hors route et à certains équipements alimentés par des moteurs diesels à régime moyen » -- Objet, page 1. |
| 650 | 6|aCarburants diesel|xNormes|zCanada. |
| 710 | 2 |aConseil canadien des normes. |
| 710 | 2 |aOffice des normes générales du Canada. |
| 775 | 08|tDiesel fuel.|w(CaOODSP)9.884942 |
| 794 | |tCarburant diesel.|b[Édition de février 2025]|w(CaOODSP)9.948609 |
| 795 | |tCarburant diesel |b[Édition de juin 2017]|w(CaOODSP)9.838062 |
| 830 | #0|aNorme nationale du Canada ;|vno 3.517-2020.|w(CaOODSP)9.504227 |
| 856 | 40|qPDF|s818 Ko|uhttps://publications.gc.ca/collections/collection_2020/ongc-cgsb/P29-003-517-2020-fra.pdf |
| 986 | |aICS 75.160.20 |